| 000 | 00737nam a22002417a 4500 | ||
|---|---|---|---|
| 003 | DO-SdBNP | ||
| 005 | 20210817093803.0 | ||
| 007 | ta | ||
| 008 | 210617e2019 dr a|||er|||| 001 pdspa d | ||
| 020 | _a9789945915877 | ||
| 040 |
_aDO-SdBNP _bspa _cBNPHU |
||
| 041 | _hspa | ||
| 082 | 4 |
_bC352e _222 _aRD861.5 |
|
| 100 | 1 |
_aCastillo, Teresa Amelia, _d1960- _978908 |
|
| 245 | 1 | 3 |
_aEnsayando rimas / _cTeresa Amelia Castillo. |
| 260 |
_aSanto Domingo : _bMinisterio Internacional, _bPublicaciones Libertad, _c2019. |
||
| 300 |
_a83 p. : _bil.; _c21 cm |
||
| 590 | _aInventariado, 2021/MFF | ||
| 650 | 4 |
_aPoesÃa dominicana _979380 |
|
| 650 | 4 |
_aLiteratura dominicana _979381 |
|
| 910 | _aValidado.Control de calidad MFF | ||
| 942 |
_2ddc _cLBS1 |
||
| 999 |
_c49956 _d49956 |
||